000 00345 a2200169 4500
001 175144
020 _a85-16-02038-X
040 _cMagnum
100 _aVenezia, Mike
240 1 0 _aPieter Bruegel
_lpor
245 1 0 _aPieter Bruegel
300 _a32
362 0 _a1997
440 1 _aModerna
697 _aPINTORES E PINTURAS
942 _cBK
999 _c175144
_d175144